| 000 | 00911pam a2200313 i 4500 | ||
|---|---|---|---|
| 999 |
_c1649 _d1649 |
||
| 001 | 017381498 | ||
| 003 | Uk | ||
| 005 | 20230118081127.0 | ||
| 008 | 150501s2015 enka j 000|1|eng|d | ||
| 015 |
_aGBB570715 _2bnb |
||
| 016 | 7 |
_a017381498 _2Uk |
|
| 020 | _a9781847156068 (pbk.) : | ||
| 040 |
_aStDuBDS _beng _cStDuBDS _dUk _dKH8 _erda |
||
| 042 | _aukblcatcopy | ||
| 082 | 0 | 4 |
_a823.92 JON _223 |
| 100 | 1 |
_aJones, Gareth P., _eauthor. |
|
| 245 | 1 | 0 |
_aClash of the rival robots / _cGareth P. Jones. |
| 264 | 1 |
_aLondon : _bStripes, _c2015. |
|
| 300 |
_a146 pages : _billustrations ; _c20 cm. |
||
| 336 |
_atext _2rdacontent |
||
| 336 |
_astill image _2rdacontent |
||
| 337 |
_aunmediated _2rdamedia |
||
| 338 |
_avolume _2rdacarrier |
||
| 490 | 0 | _aAdventures of the Steampunk Pirates | |
| 500 |
_aFormerly CIP. _5Uk |
||
| 655 | 0 | _aSteampunk fiction. | |
| 655 | 0 | _aChildren's stories. | |
| 942 |
_2ddc _cNFIC |
||